| 000 | 00406nam a22001577a 4500 | ||
|---|---|---|---|
| 003 | SGT | ||
| 020 | _a9789388022361 | ||
| 082 |
_a615.19. _bP22P |
||
| 100 | _aPATIL, KETAN B | ||
| 245 | _aA PRACTICAL BOOK OF PHARMACEUTICAL INORGANIC CHEMISTRY | ||
| 260 |
_aNEW DELHI _bINNOVATIVE. PUB _c2022 |
||
| 300 | _a75 | ||
| 650 | _aF PHARMACEUTICAL, INORGANIC, CHEMISTRY | ||
| 653 | _aCHEMISTRY | ||
| 942 |
_2ddc _cBK |
||
| 999 |
_c23884 _d23884 |
||